000 01100pam a2200289 a 4500
001 3070890
005 20250210133955.0
008 970522s1998 ohua 001 0 eng
020 _a0538877871
050 0 0 _aHG3881
_b.M2765 1998
082 0 0 _a658.15/99
_221
100 1 _aMadura, Jeff.
245 1 0 _aInternational financial management /
_cJeff Madura.
250 _a5th ed.
260 _aCincinnati, Ohio :
_bSouth-Western College Pub.,
_cc1998.
300 _axxvii, 653, 100 p. :
_bill. ;
_c27 cm.
500 _aIncludes index.
650 0 _aInternational finance.
650 0 _aForeign exchange.
650 0 _aAsset-liability management.
650 0 _aBanks and banking, International.
650 0 _aInternational business enterprises
_xFinance.
856 4 2 _3Contributor biographical information
_uhttp://www.loc.gov/catdir/enhancements/fy1514/97021527-b.html
856 4 2 _3Publisher description
_uhttp://www.loc.gov/catdir/enhancements/fy1514/97021527-d.html
856 4 1 _3Table of contents only
_uhttp://www.loc.gov/catdir/enhancements/fy1514/97021527-t.html
942 _2lcc
_cBK
_n0
999 _c3786
_d3786